Scottish Football: 1974–75 Division One Teams - Statistics

General Stats
  • This quiz has been taken 32 times
  • The average score is 14 of 18
Answer Stats
Pos Club % Correct
5 Aberdeen
100%
8 Heart of Midlothian
100%
1 Rangers
100%
3 Celtic
96%
2 Hibernian
96%
6 Dundee
92%
12 Kilmarnock
88%
15 Dunfermline Athletic
84%
13 Partick Thistle
84%
4 Dundee United
80%
17 Greenock Morton
76%
10 Motherwell
72%
7 Ayr United
68%
11 Airdrieonians
64%
16 Clyde
60%
9 St Johnstone
60%
14 Dumbarton
52%
18 Arbroath
48%
No matching quizzes found
Score Distribution
Percent of People with Each Score
Percentile by Number Answered
Your Score History
You have not taken this quiz